[Event "Detroit (MOR/1a/22)"]
[Site "?"]
[Date "1990.??.??"]
[Round "?"]
[White "Short, T."]
[Black "Choyke, J."]
[Result "0-1"]
[WhiteElo "1605"]
[BlackElo "1640"]
[PlyCount "92"]
[EventDate "1990.??.??"]

1. e4 d6 2. Nf3 c5 3. Bc4 e6 4. d3 Nc6 5. c3 Nf6 6. O-O Be7 7. h3 Qc7 8. Na3 a6
9. Qa4 Bd7 10. Nb5 Qc8 11. Nxd6+ Bxd6 12. Qc2 b5 13. Bb3 Ne5 14. Qe2 Nxf3+ 15.
Qxf3 O-O 16. g4 e5 17. Qg2 g6 18. f4 exf4 19. Bxf4 Bxf4 20. Rxf4 Ne8 21. Raf1
Be6 22. Bxe6 Qxe6 23. h4 Rd8 24. h5 Rxd3 25. hxg6 Qxg6 26. g5 Rd6 27. e5 Re6
28. Rf5 h6 29. R1f3 hxg5 30. Rxg5 Qxg5 31. Qxg5+ Rg6 32. Rg3 Rxg5 33. Rxg5+ Kh7
34. Rf5 Nc7 35. Rf6 Ne6 36. Kf2 Kg7 37. Ke3 Rd8 38. b3 Rd5 39. Rf5 Kg6 40. Ke4
Rd2 41. Rf6+ Kg7 42. a3 Kf8 43. c4 bxc4 44. bxc4 Rd4+ 45. Kf5 Kg7 46. Rh6 Rf4#
0-1

[Event "Detroit (MOR/7/47)"]
[Site "?"]
[Date "1990.??.??"]
[Round "?"]
[White "Shields, S."]
[Black "Yanalunas, J."]
[Result "1-0"]
[WhiteElo "1605"]
[BlackElo "1605"]
[PlyCount "133"]
[EventDate "1990.??.??"]

{7/(47)} 1. d4 Nf6 2. Nf3 g6 3. c4 Bg7 4. e3 O-O 5. Bd3 d6 6. Nbd2 Nc6 7. a3
Bg4 8. Rb1 e5 9. O-O Qd7 10. Be2 exd4 11. Nxd4 Nxd4 12. exd4 Rae8 13. f3 Bf5
14. Ra1 Nh5 15. Nb3 Qe7 16. Bd2 Qh4 17. Be1 Qf4 18. g3 Qe3+ 19. Rf2 c5 20. Bd2
Qe6 21. g4 Nf4 22. Bxf4 Bxg4 23. fxg4 cxd4 24. Rb1 d3 25. Qxd3 Be5 26. Bxe5
Qxe5 27. Nd4 d5 28. Nf3 dxc4 29. Qxc4 Qe4 30. Qxe4 Rxe4 31. h3 h5 32. Ng5 Re3
33. Kg2 Rfe8 34. Re1 b5 35. Kf1 hxg4 36. hxg4 a5 37. Rf3 R3e5 38. Nxf7 Re3 39.
Nd6 Rxf3+ 40. Bxf3 Rxe1+ 41. Kxe1 b4 42. a4 b3 43. Nb7 g5 44. Nxa5 Kf8 45. Nxb3
Ke8 46. a5 Kd7 47. a6 Kc7 48. a7 Kd6 49. a8=Q Ke5 50. Qe4+ Kf6 51. Qf5+ Kg7 52.
Qxg5+ Kh8 53. Bd5 Kh7 54. Qg8+ Kh6 55. Qh8+ Kg5 56. Qh5+ Kf4 57. Qf5+ Kg3 58.
Bf3 Kh4 59. Qh5+ Kg3 60. Qh3+ Kf4 61. Ke2 Ke5 62. Qg3+ Kf6 63. g5+ Kg6 64. Be4+
Kg7 65. Qe5+ Kf7 66. Qf6+ Ke8 67. Bc6# 1-0

[Event "Detroit (MOR/4/57)"]
[Site "?"]
[Date "1990.??.??"]
[Round "?"]
[White "Shields, S."]
[Black "Short, T."]
[Result "0-1"]
[WhiteElo "1605"]
[BlackElo "1605"]
[PlyCount "98"]
[EventDate "1990.??.??"]

{4/(57)} 1. d4 d5 2. Nf3 e6 3. e3 Nf6 4. Bd3 c5 5. c4 Nc6 6. cxd5 exd5 7. dxc5
Bxc5 8. a3 O-O 9. Ng5 Re8 10. O-O g6 11. Re1 h6 12. Nf3 Bg4 13. Nbd2 Ne4 14.
Be2 Qd7 15. Nb3 b6 16. Nbd2 Qf5 17. Nxe4 Qxe4 18. Bd3 Qe6 19. Bd2 Ne5 20. Be2
Nxf3+ 21. Bxf3 h5 22. Bxg4 hxg4 23. b4 Bd6 24. Rc1 Kg7 25. Re2 Rh8 26. Bc3+ f6
27. g3 Rh5 28. Qf1 Rah8 29. f3 Bxg3 30. Rec2 Be5 31. Bxe5 fxe5 32. Rc7+ Kh6 33.
f4 e4 34. R1c2 Rf8 35. b5 Rh3 36. R7c6 Qf5 37. Rg2 Rxe3 38. Rg3 Rxg3+ 39. hxg3
e3 40. Qe2 d4 41. Qh2+ Kg7 42. Qb2 Qe4 43. Qb3 e2 44. Rc7+ Kh6 45. Rc1 e1=Q+
46. Rxe1 Qxe1+ 47. Kg2 Qe2+ 48. Kg1 d3 49. Qb4 Re8 0-1

[Event "Flint (MI Senior/3/9)"]
[Site "?"]
[Date "1990.??.??"]
[Round "?"]
[White "Shields, S."]
[Black "Rosebrook, G."]
[Result "0-1"]
[WhiteElo "1605"]
[BlackElo "1605"]
[PlyCount "114"]
[EventDate "1990.??.??"]

{3/(9)} 1. d4 Nf6 2. Nf3 d5 3. Bf4 Bg4 4. Nbd2 e6 5. h3 Bxf3 6. Nxf3 Nc6 7. e3
a6 8. c3 Be7 9. Bd3 O-O 10. O-O h6 11. Qc2 Ne4 12. Bxe4 dxe4 13. Qxe4 f5 14.
Qxe6+ Rf7 15. Qb3 b5 16. Rad1 Qc8 17. d5 Na5 18. Qc2 Bd6 19. Bxd6 cxd6 20. e4
Nc4 21. Rfe1 f4 22. Nh4 Ne5 23. f3 g6 24. Qf2 Qd8 25. Kh1 Rc8 26. Rg1 Kh7 27.
g3 fxg3 28. Qxg3 Rg7 29. Nf5 Rg8 30. Nh4 Qf6 31. f4 Nf7 32. Rd2 g5 33. Qg4 gxh4
34. Qf5+ Qxf5 35. exf5 Rxg1+ 36. Kxg1 Rg8+ 37. Kf2 h5 38. Re2 Kg7 39. Re6 Rc8
40. Ke3 a5 41. Kd4 Rc4+ 42. Kd3 Rxf4 43. Ke3 Rxf5 44. Re4 Re5 45. Rxe5 Nxe5 46.
Kf4 Kf6 47. Ke4 Kg5 48. b3 a4 49. bxa4 bxa4 50. Kd4 Kf4 51. c4 Nd7 52. a3 Kg3
53. Ke3 Kxh3 54. Kf3 Ne5+ 55. Ke4 Nxc4 56. Kf5 Kg3 57. Ke6 h3 0-1

[Event "Detroit (MOR/2/36)"]
[Site "?"]
[Date "1990.??.??"]
[Round "?"]
[White "Shields, S."]
[Black "McGhee, T."]
[Result "0-1"]
[WhiteElo "1605"]
[BlackElo "1750"]
[PlyCount "35"]
[EventDate "1990.??.??"]

{2/(36)} 1. d4 c5 2. Nf3 Nf6 3. Nc3 cxd4 4. Nxd4 d5 5. e3 a6 6. Bd3 e5 7. Nb3
e4 8. Be2 Nc6 9. a3 Ne5 10. Nd4 Bd6 11. h3 Qc7 12. Qd2 Bd7 13. b3 b5 14. Bb2
O-O 15. f3 b4 16. axb4 Bxb4 17. f4 Ng6 18. O-O {[Remainder illegible; 0-1, 29?]
} 0-1

[Event "Flint (MI Senior/1/5)"]
[Site "?"]
[Date "1990.??.??"]
[Round "?"]
[White "Shields, S."]
[Black "Hayes, R."]
[Result "0-1"]
[WhiteElo "1605"]
[BlackElo "1955"]
[PlyCount "92"]
[EventDate "1990.??.??"]

{1/(5)} 1. d4 Nf6 2. Nf3 d5 3. e3 c5 4. c4 e6 5. Nbd2 Nc6 6. Qc2 cxd4 7. Nxd4
e5 8. Nxc6 bxc6 9. c5 Qa5 10. b4 Qxb4 11. Be2 Qxc5 12. Qxc5 Bxc5 13. O-O O-O
14. Nb3 Bd6 15. Bb2 Bd7 16. Rac1 Rab8 17. Ba1 Rfc8 18. Nc5 Be8 19. f4 exf4 20.
exf4 Nd7 21. Nxd7 Bxd7 22. Rf3 f6 23. Bd3 c5 24. h4 c4 25. Be2 Bg4 26. Rf2 Bxe2
27. Rxe2 Bxf4 28. Rf1 Bd6 29. Bc3 Bc5+ 30. Kh2 d4 31. Ba1 Re8 32. Rc2 c3 33.
Bxc3 dxc3 34. Rxc3 Bd6+ 35. Kh3 Rb2 36. a4 Ree2 37. Rg1 h5 38. Rd3 Be5 39. Rd8+
Kh7 40. a5 Rb3+ 41. g3 Rbb2 42. Rh1 g5 43. hxg5 fxg5 44. Rd7+ Kg6 45. Rd3 g4+
46. Kh4 Bf6# 0-1

[Event "Detroit (MOR/2/60)"]
[Site "?"]
[Date "1990.??.??"]
[Round "?"]
[White "Shields, B."]
[Black "Warren, S."]
[Result "0-1"]
[WhiteElo "1605"]
[BlackElo "1605"]
[PlyCount "102"]
[EventDate "1990.??.??"]

{2/(60)} 1. d4 e6 2. e4 d5 3. e5 c5 4. c3 Nc6 5. Nf3 Qb6 6. c4 cxd4 7. cxd5
exd5 8. Bd3 Bg4 9. Nbd2 Nxe5 10. Qa4+ Nc6 11. Ne5 Nf6 12. Bb5 Rc8 13. Nb3 a6
14. Bxc6+ bxc6 15. O-O Be2 16. Re1 Bb5 17. Qxd4 Qxd4 18. Nxd4 Bc5 19. Nxb5 axb5
20. Ng6+ Kd7 21. Nxh8 Rxh8 22. Be3 Bxe3 23. Rxe3 d4 24. Rd1 c5 25. Re5 Kd6 26.
Rde1 d3 27. R5e3 c4 28. b3 Ng4 29. Re8 Kc5 30. Rxh8 d2 31. Rhe8 dxe1=Q+ 32.
Rxe1 c3 33. f3 Nf6 34. Kf2 Nd5 35. a3 Nf4 36. b4+ Kc4 37. Ra1 c2 38. a4 bxa4
39. Ke1 Kb3 40. Kd2 Kb2 41. Rc1 a3 42. Rxc2+ Kb1 43. g3 Nd5 44. b5 Ne3 45. Rc7
a2 46. Ra7 Nc4+ 47. Kc3 Nd6 48. b6 Nb5+ 49. Kb3 Nxa7 50. b7 a1=Q 51. b8=Q Qb2+
0-1

[Event "Detroit (MOR/6/38)"]
[Site "?"]
[Date "1990.??.??"]
[Round "?"]
[White "Shields, B."]
[Black "Vandenburg, V.E."]
[Result "1-0"]
[WhiteElo "1605"]
[BlackElo "1625"]
[PlyCount "67"]
[EventDate "1990.??.??"]

{6/(38)} 1. d4 b5 2. e4 Bb7 3. d5 a6 4. Nf3 Nf6 5. Bd3 d6 6. Nbd2 Nbd7 7. c4
Nc5 8. Bc2 bxc4 9. Ba4+ Nxa4 10. Qxa4+ Nd7 11. Nxc4 g6 12. Na5 Qc8 13. Qd4 f6
14. Ng5 Bg7 15. Ne6 Kf7 16. Qb4 Rb8 17. Qc3 Nc5 18. Nxc5 dxc5 19. Qc4 e6 20.
Qxc5 Bf8 21. dxe6+ Qxe6 22. Qxc7+ Be7 23. Nxb7 Qxe4+ 24. Be3 Qb4+ 25. Qc3 Qxb7
26. O-O Qxb2 27. Qc4+ Kg7 28. Qxa6 Rbd8 29. Qe6 Qa3 30. Bc1 Qc3 31. Qxe7+ Kg8
32. Bh6 f5 33. Bg5 Rf8 34. Bf4 1-0

[Event "Detroit (MOR/7/32)"]
[Site "?"]
[Date "1990.??.??"]
[Round "?"]
[White "Shields, B."]
[Black "Rubel, J."]
[Result "0-1"]
[WhiteElo "1605"]
[BlackElo "1605"]
[PlyCount "85"]
[EventDate "1990.??.??"]

{7/(32)} 1. d4 Nf6 2. Nf3 g6 3. g3 Bg7 4. Bg2 O-O 5. O-O d6 6. c3 Nbd7 7. Nbd2
c5 8. Qb3 cxd4 9. cxd4 Nb6 10. Re1 Be6 11. Qd3 Qc7 12. b3 Nbd5 13. Ba3 Qa5 14.
Nc4 Qa6 15. b4 Nxb4 16. Bxb4 Bxc4 17. Qe3 Nd5 18. Qd2 Nxb4 19. Qxb4 Bxe2 20.
Nd2 Rab8 21. Bf1 Bxf1 22. Nxf1 e6 23. Qd2 d5 24. Rac1 Qa4 25. Red1 Rfc8 26. Rb1
Rc4 27. Qf4 e5 28. Qg4 Rxd4 29. Rxd4 Qxd4 30. Qd7 b5 31. Ne3 a6 32. Rd1 Qa4 33.
Qxd5 h5 34. Qd6 Rc8 35. Qd7 Rf8 36. Rd2 Bh6 37. f4 exf4 38. Nd5 fxg3 39. Nf6+
Kg7 40. Rg2 Be3+ 41. Kh1 Kxf6 42. Rxg3 Qe4+ 43. Rg2 0-1

[Event "Flint (MI Senior/2/8)"]
[Site "?"]
[Date "1990.??.??"]
[Round "?"]
[White "Shields, B."]
[Black "Repas, B."]
[Result "1-0"]
[WhiteElo "1605"]
[BlackElo "1605"]
[PlyCount "64"]
[EventDate "1990.??.??"]

{2/(8)} 1. d4 d5 2. Nf3 Nd7 3. Bf4 Ngf6 4. h3 g6 5. e3 a6 6. c4 c6 7. Nbd2 e6
8. c5 Bg7 9. Bd3 O-O 10. b4 b6 11. Qa4 Bb7 12. Bd6 Re8 13. Rb1 b5 14. Qc2 a5
15. O-O axb4 16. Rxb4 Qa5 17. Rb2 Qd8 18. Rc1 Ra4 19. Nb1 Qa8 20. Nc3 Ra3 21.
Bxb5 Ba6 22. Bxa6 Rxa6 23. Rcb1 h6 24. Rb7 Ra7 25. Qb2 Ra5 26. Ne5 Nf8 27. Nxc6
N6d7 28. Bxf8 Nxf8 29. Nxa5 Qxa5 30. Nb5 Rd8 31. Nd6 f5 32. Rxg7+ Kxg7 1-0

[Event "Detroit (MOR/4/38)"]
[Site "?"]
[Date "1990.??.??"]
[Round "?"]
[White "Shields, B."]
[Black "Foord, Allan"]
[Result "0-1"]
[WhiteElo "1605"]
[BlackElo "1680"]
[PlyCount "66"]
[EventDate "1990.??.??"]

{4/(38)} 1. d4 Nf6 2. Nf3 g6 3. e3 d5 4. c4 Bg7 5. cxd5 Nxd5 6. Nc3 Bg4 7. Qb3
Bxf3 8. gxf3 Nb6 9. Bg2 N8d7 10. f4 Rb8 11. Nd5 e6 12. Nxb6 Nxb6 13. Qa3 a6 14.
Bd2 Nd5 15. Rd1 Qd6 16. Qb3 b6 17. Bxd5 Qxd5 18. Qxd5 exd5 19. Rc1 Kd7 20. O-O
Rhc8 21. Rfe1 f5 22. Bc3 c5 23. dxc5 Bxc3 24. Rxc3 bxc5 25. b3 Rc6 26. Rd1 Ke6
27. a3 a5 28. Rdc1 Rbc8 29. f3 Kd6 30. Rd1 c4 31. e4 Rc5 32. e5+ Ke6 33. bxc4
Rxc4 $138 0-1

[Event "Detroit (RVO/1)"]
[Site "?"]
[Date "1990.??.??"]
[Round "?"]
[White "Shields, B."]
[Black "Daugherty, C."]
[Result "1-0"]
[WhiteElo "1605"]
[BlackElo "1795"]
[PlyCount "83"]
[EventDate "1990.??.??"]

1. d4 Nf6 2. Nf3 d6 3. e3 g6 4. Bd3 Bg7 5. Nbd2 O-O 6. O-O Nc6 7. e4 Nb4 8. Bc4
Bg4 9. c3 Nc6 10. Qb3 Na5 11. Qb5 Nxc4 12. Qxc4 Bxf3 13. Nxf3 Nxe4 14. Qd5 Nf6
15. Qxb7 Qd7 16. Qa6 Rfb8 17. b3 Rb6 18. Qc4 a5 19. Bf4 a4 20. Ng5 e6 21. Rfd1
Nd5 22. Bd2 Rba6 23. b4 Nf6 24. b5 Rb6 25. Rab1 Ra5 26. Rb4 d5 27. Qe2 Rbxb5
28. c4 dxc4 29. Rxc4 Rb2 30. Ne4 Rxa2 31. Nc5 Qd5 32. Rb1 Rxd2 33. Qxd2 Qxc4
34. Qxa5 Nd5 35. Qxa4 Qxa4 36. Nxa4 Bxd4 37. Rb8+ Kg7 38. Nb2 Nb6 39. Nd3 Nd7
40. Rd8 c5 41. Rxd7 e5 42. Rc7 1-0

[Event "Detroit (RVO/3)"]
[Site "?"]
[Date "1990.??.??"]
[Round "?"]
[White "Shields, B."]
[Black "Collins, Charles"]
[Result "0-1"]
[WhiteElo "1605"]
[BlackElo "1845"]
[PlyCount "58"]
[EventDate "1990.??.??"]

1. d4 Nf6 2. Nf3 g6 3. e3 Bg7 4. Bd3 d6 5. Nbd2 O-O 6. O-O Nc6 7. a3 e5 8. c3
Re8 9. e4 exd4 10. cxd4 Bg4 11. Qb3 Bxf3 12. Nxf3 Qd7 13. Qxb7 Rab8 14. Qa6 Rb6
15. Qa4 Reb8 16. d5 Ne5 17. Qc2 Nxf3+ 18. gxf3 Qh3 19. Kh1 Qxf3+ 20. Kg1 Ng4
21. Be2 Qh3 22. Bxg4 Qxg4+ 23. Kh1 Qf3+ 24. Kg1 Be5 25. Qxc7 Rb3 26. Qxa7 Bxh2+
27. Kxh2 Qh3+ 28. Kg1 Qg4+ 29. Kh2 Rh3# 0-1

[Event "Detroit (MI Op/5/26)"]
[Site "?"]
[Date "1990.??.??"]
[Round "?"]
[White "Sherbel, Steve"]
[Black "Sobh, Hassan"]
[Result "1-0"]
[WhiteElo "1985"]
[BlackElo "1850"]
[PlyCount "87"]
[EventDate "1990.??.??"]

{5/(26)} 1. d4 d5 2. c4 c6 3. cxd5 cxd5 4. Bf4 e6 5. Nc3 a6 6. e3 Bd6 7. Bxd6
Qxd6 8. f4 Nc6 9. Nf3 f5 10. Rc1 Nf6 11. Bd3 O-O 12. O-O Bd7 13. Ne5 Rac8 14.
a3 Be8 15. h3 Ne4 16. Bxe4 dxe4 17. Qe2 Ne7 18. Rc2 Bd7 19. Rfc1 Nd5 20. Nxd5
exd5 21. Rxc8 Rxc8 22. Rxc8+ Bxc8 23. Qc2 Bd7 24. Qc5 Qxc5 25. dxc5 Bc6 26. Kf2
Kf8 27. g3 Ke7 28. Ke2 Bb5+ 29. Kd2 Ke6 30. Kc3 g5 31. b3 a5 32. a4 Be8 33. Kd4
h6 34. h4 g4 35. Kc3 Ke7 36. b4 Bxa4 37. bxa5 Bb5 38. Kb4 Ba6 39. c6 bxc6 40.
Nxc6+ Kd6 41. Nd4 h5 42. Nxf5+ Kc6 43. Nd4+ Kd6 44. f5 1-0

[Event "Detroit (MI Op/3/26)"]
[Site "?"]
[Date "1990.??.??"]
[Round "?"]
[White "Sherbel, Steve"]
[Black "Pirochta, T."]
[Result "0-1"]
[WhiteElo "1985"]
[BlackElo "1845"]
[PlyCount "45"]
[EventDate "1990.??.??"]

{3/(26)} 1. d4 Nf6 2. c4 c5 3. d5 e5 4. Nc3 d6 5. g3 g6 6. Bg2 Bg7 7. e4 O-O 8.
Nge2 Nh5 9. Bf3 Nf6 10. Bg5 h6 11. Be3 Bh3 12. Qd2 Kh7 13. O-O-O a6 14. Rdg1
Ng4 15. Bxg4 Bxg4 16. h3 Bf3 17. Rh2 b5 18. g4 Qa5 19. Kb1 Bxe2 20. Qxe2 bxc4
21. Qxc4 Nd7 22. Qa4 Qxa4 23. Nxa4 {[Remainder illegible; 0-1, 60?]} 0-1

[Event "Lansing (MI Am/2/25)"]
[Site "?"]
[Date "1990.??.??"]
[Round "?"]
[White "Sherbel, Steve"]
[Black "Neely, Richard"]
[Result "1-0"]
[WhiteElo "1915"]
[BlackElo "1605"]
[PlyCount "49"]
[EventDate "1990.??.??"]

{2/(25)} 1. d4 Nf6 2. c4 g6 3. Nc3 Bg7 4. e4 d6 5. f3 O-O 6. Be3 e6 7. Qd2 Re8
8. O-O-O Nc6 9. h4 Nh5 10. Nge2 e5 11. d5 Na5 12. b3 c5 13. dxc6 Nxc6 14. Nd5
b6 15. Bg5 Qd7 16. g4 Nf4 17. Nexf4 exf4 18. Qxf4 Qe6 19. Nc7 Qe5 20. Qxe5 Nxe5
21. Nxe8 Nxf3 22. Nxg7 Bxg4 23. Bf6 Ne5 24. Rxd6 Re8 25. Nxe8 1-0

[Event "Lansing (MI Am/5/7)"]
[Site "?"]
[Date "1990.??.??"]
[Round "?"]
[White "Sherbel, Steve"]
[Black "Harger, Tim"]
[Result "1-0"]
[WhiteElo "1915"]
[BlackElo "1765"]
[PlyCount "85"]
[EventDate "1990.??.??"]

{5/(7)} 1. d4 f5 2. Nc3 Nf6 3. Bg5 e6 4. e4 fxe4 5. Nxe4 Be7 6. Bxf6 Bxf6 7.
Nf3 O-O 8. Bd3 Nc6 9. c3 d5 10. Nxf6+ Qxf6 11. Bb5 Bd7 12. Bxc6 Bxc6 13. Qe2 a6
14. Qe5 Rac8 15. O-O Qg6 16. Qe3 Bb5 17. Rfe1 Rce8 18. a4 Bd3 19. Ne5 Qf5 20.
Nxd3 Rf6 21. Ne5 Rh6 22. Qf3 Qxf3 23. Nxf3 c6 24. Re3 Rf6 25. Rae1 h6 26. Ne5
Re7 27. Rf3 Rxf3 28. Nxf3 Kf8 29. Ne5 Kg8 30. Re3 g5 31. Rf3 Kg7 32. h3 h5 33.
Kf1 a5 34. Ke2 Rc7 35. h4 gxh4 36. Rh3 Kf6 37. Rxh4 Rh7 38. g4 Kg5 39. Rxh5+
Rxh5 40. gxh5 Kxh5 41. Kd3 Kg5 42. Nf7+ Kf6 43. Nd8 1-0

[Event "Detroit (MI Op/1a/1)"]
[Site "?"]
[Date "1990.??.??"]
[Round "?"]
[White "Sherbel, Steve"]
[Black "Basin, Leonid"]
[Result "0-1"]
[WhiteElo "1985"]
[BlackElo "2450"]
[PlyCount "44"]
[EventDate "1990.??.??"]

1. d4 Nf6 2. c4 e6 3. Nc3 Bb4 4. e3 O-O 5. Nge2 d5 6. a3 Be7 7. Nf4 c6 8. Be2
Nbd7 9. O-O Bd6 10. c5 Bc7 11. Nd3 e5 12. dxe5 Nxe5 13. b4 a5 14. Nxe5 axb4 15.
Nf3 bxc3 16. Qc2 Ne4 17. Bd3 f5 18. Bxe4 fxe4 19. Nd4 Qh4 20. f4 exf3 21. gxf3
Rf6 22. Rf2 Bh3 0-1

[Event "Flint (Class DEU/5)"]
[Site "?"]
[Date "1990.??.??"]
[Round "?"]
[White "Shelters, Richard"]
[Black "Vangilder, W."]
[Result "1-0"]
[WhiteElo "1605"]
[BlackElo "1605"]
[PlyCount "47"]
[EventDate "1990.??.??"]

1. e4 e5 2. Nf3 Nc6 3. Nc3 Nf6 4. Bc4 Bb4 5. Nd5 Nxd5 6. exd5 Nd4 7. Nxd4 exd4
8. Qe2+ Qe7 9. Qxe7+ Bxe7 10. O-O d6 11. Re1 h6 12. c3 a6 13. a4 b6 14. b4 Bb7
15. Re4 d3 16. Re3 Rb8 17. Bb2 Bc8 18. Bxd3 Bd7 19. c4 f6 20. Rae1 Bxa4 21.
Rxe7+ Kf8 22. Rxc7 h5 23. Ree7 Rh7 24. Bxh7 1-0

[Event "Detroit (MOR/2/40)"]
[Site "?"]
[Date "1990.??.??"]
[Round "?"]
[White "Shelters, Richard"]
[Black "Saulmon, Scott"]
[Result "0-1"]
[WhiteElo "1605"]
[BlackElo "1640"]
[PlyCount "104"]
[EventDate "1990.??.??"]

{2/(40)} 1. e4 e6 2. d4 d5 3. e5 c5 4. b3 cxd4 5. Qxd4 Nc6 6. Bb5 Bd7 7. Bxc6
Bxc6 8. Nf3 b6 9. b4 Ne7 10. O-O Nf5 11. Qc3 Rc8 12. Re1 Ba4 13. Qa3 Bxc2 14.
Nc3 a5 15. Qb2 Bxb4 16. Bd2 Bd3 17. Qb3 Bc4 18. Qa4+ Qd7 19. Qxd7+ Kxd7 20. Na4
Bc5 21. Rec1 Ra8 22. Nxc5+ bxc5 23. a4 Rhb8 24. Ng5 h6 25. Nxf7 Ke7 26. Nd6
Nxd6 27. exd6+ Kxd6 28. Bf4+ e5 29. Bg3 Rb2 30. Re1 Re8 31. f4 e4 32. f5+ Kc6
33. Bf4 Ra2 34. g4 Bb3 35. Bd2 Rxd2 36. Reb1 c4 37. h4 e3 38. Re1 e2 39. Kf2 d4
40. Rab1 d3 41. g5 hxg5 42. hxg5 Kc5 43. f6 gxf6 44. gxf6 Rf8 45. Ke3 Rc2 46.
Rxb3 Re8+ 47. Kf3 cxb3 48. f7 Rf8 49. Ke3 Kc4 50. Rg1 Rxf7 51. Ke4 Re7+ 52. Kf3
e1=Q 0-1

[Event "Flint (Class DEU/4)"]
[Site "?"]
[Date "1990.??.??"]
[Round "?"]
[White "Shelters, Richard"]
[Black "Hogaboom, L."]
[Result "0-1"]
[WhiteElo "1605"]
[BlackElo "1665"]
[PlyCount "70"]
[EventDate "1990.??.??"]

1. e4 d5 2. e5 d4 3. Nf3 b6 4. Bc4 c5 5. d3 g6 6. Bf4 Bg7 7. Nbd2 Nc6 8. O-O
Qc7 9. Qe2 Bg4 10. Qe4 Bf5 11. Qe2 Nh6 12. h3 Ng8 13. Ne4 h6 14. Ng3 Qc8 15.
Bd5 h5 16. Ng5 Nh6 17. Nxf5 Qxf5 18. Bxc6+ Kf8 19. Bxa8 Qxf4 20. Nf3 g5 21. g3
Qf5 22. Kg2 g4 23. Be4 gxf3+ 24. Bxf3 Bxe5 25. Qe4 Rg8 26. Qa8+ Kg7 27. Qe4 Kh8
28. Qxf5 Rxg3+ 29. fxg3 Nxf5 30. Rae1 Bxg3 31. Re2 h4 32. Bg4 Ne3+ 33. Kf3 f5
34. Bh5 e5 35. Bg6 e4+ 0-1

[Event "Detroit (MOR/1b/20)"]
[Site "?"]
[Date "1990.??.??"]
[Round "?"]
[White "Shelters, Richard"]
[Black "Group, J."]
[Result "0-1"]
[WhiteElo "1605"]
[BlackElo "1615"]
[PlyCount "86"]
[EventDate "1990.??.??"]

1. e4 c6 2. Nf3 d5 3. exd5 cxd5 4. d4 Nf6 5. Bb5+ Bd7 6. Qe2 Nc6 7. Bg5 e6 8.
Nc3 h6 9. Bxf6 Qxf6 10. Nxd5 Qd8 11. O-O Bd6 12. Qc4 exd5 13. Qxd5 Qc7 14.
Rfe1+ Be6 15. Bxc6+ bxc6 16. Qe4 O-O 17. b3 Bd5 18. Qg4 Bxf3 19. Qxf3 Rfe8 20.
Qh5 Re7 21. c4 Rae8 22. Rxe7 Qxe7 23. Qd1 Qe2 24. Qxe2 Rxe2 25. Kf1 Rd2 26. c5
Be7 27. Re1 Kf8 28. Re4 Bf6 29. a4 Rxd4 30. Rxd4 Bxd4 31. b4 a6 32. Ke2 Bc3 33.
b5 axb5 34. axb5 cxb5 35. Kd3 Be5 36. g3 Ke8 37. Kc2 Kd7 38. f4 Bf6 39. Kb3 Kc6
40. Kb4 Be7 41. g4 Bxc5+ 42. Kb3 Bd6 43. f5 Bxh2 0-1

[Event "Detroit (RVO/3)"]
[Site "?"]
[Date "1990.??.??"]
[Round "?"]
[White "Sheaf, M."]
[Black "DeJongh, John"]
[Result "1-0"]
[WhiteElo "2130"]
[BlackElo "1655"]
[PlyCount "67"]
[EventDate "1990.??.??"]

1. b3 d6 2. Bb2 e5 3. e3 Nf6 4. c4 Be7 5. Ne2 Nc6 6. d4 exd4 7. Nxd4 Bd7 8. Be2
O-O 9. O-O a6 10. Nc3 b6 11. Bf3 Nxd4 12. Bxa8 Nxb3 13. axb3 Qxa8 14. Qd4 c5
15. Qh4 Nd5 16. Qg3 Nxc3 17. Bxc3 f6 18. Rfd1 a5 19. Rd5 Be6 20. Rd2 Qe4 21.
Qf4 f5 22. Rad1 Qxf4 23. exf4 Ra8 24. Re2 Kf7 25. Rde1 a4 26. Rxe6 Bf6 27. Bxf6
gxf6 28. bxa4 Rxa4 29. Rxd6 Rxc4 30. Rxb6 Rxf4 31. Rb7+ Kg6 32. Ree7 h6 33.
Rg7+ Kh5 34. Rb3 1-0

[Event "Detroit (RVO/5)"]
[Site "?"]
[Date "1990.??.??"]
[Round "?"]
[White "Sheaf, M."]
[Black "Calton, David A"]
[Result "1/2-1/2"]
[WhiteElo "2130"]
[BlackElo "1685"]
[PlyCount "134"]
[EventDate "1990.??.??"]

1. e4 g6 2. d4 Bg7 3. c4 d6 4. Nc3 Nc6 5. Be3 e5 6. d5 Nce7 7. Be2 f5 8. f3 Nf6
9. b4 fxe4 10. fxe4 a5 11. a3 axb4 12. axb4 Rxa1 13. Qxa1 b6 14. Nf3 O-O 15.
O-O Ng4 16. Bd2 Bh6 17. Bxh6 Nxh6 18. h3 Nf7 19. Qa7 Bd7 20. c5 bxc5 21. bxc5
Qb8 22. Qxb8 Rxb8 23. c6 Bc8 24. Rb1 Rxb1+ 25. Nxb1 Kf8 26. Nc3 Ke8 27. Nd2 Ng5
28. Kf2 Ng8 29. Nb3 Nf6 30. Bd3 Kd8 31. Nd2 h5 32. Nf3 Nxf3 33. Kxf3 Ke7 34.
Ke3 Kd8 35. Ne2 Nh7 36. Nc1 Nf6 37. Nb3 Ke7 38. Nd2 Nh7 39. Bb5 Nf6 40. Nf3 Nh7
41. Be2 Kf6 42. Nd2 Kg5 43. Nf3+ Kh6 44. Nh2 Nf6 45. Nf3 g5 46. Nh2 Kg6 47. g4
h4 48. Nf1 Nh7 49. Nd2 Nf8 50. Nf3 Kf6 51. Ne1 Ng6 52. Ng2 Ke7 53. Ne1 Nf4 54.
Bf1 Kd8 55. Nf3 Ke7 56. Nxg5 Kf6 57. Nf3 Ng6 58. Be2 Nf4 59. Nxh4 Nxh3 60. Nf5
Nf4 61. Bf1 Ng6 62. Kf3 Kg5 63. Kg3 Nf4 64. Ne3 Ng6 65. Nf5 Nf8 66. Be2 Ng6 67.
Bf1 Nf4 1/2-1/2

[Event "Detroit (MOR/2/23)"]
[Site "?"]
[Date "1990.??.??"]
[Round "?"]
[White "Shaler, S."]
[Black "Winkelspecht, A."]
[Result "1-0"]
[WhiteElo "1680"]
[BlackElo "1605"]
[PlyCount "35"]
[EventDate "1990.??.??"]

{2/(23)} 1. c4 e5 2. Nc3 Nf6 3. e3 Nc6 4. d4 exd4 5. exd4 d5 6. Bg5 Bb4 7. a3
Bxc3+ 8. bxc3 dxc4 9. Bxc4 O-O 10. Ne2 h6 11. Bh4 g5 12. Bg3 Ne4 13. Qd3 Nxg3
14. Qg6+ Kh8 15. Qxh6+ Kg8 16. Qg6+ Kh8 17. hxg3+ Bh3 18. Rxh3# 1-0

[Event "Detroit (MOR/4/2)"]
[Site "?"]
[Date "1990.??.??"]
[Round "?"]
[White "Shaler, S."]
[Black "Sobocinski, Mike"]
[Result "1/2-1/2"]
[WhiteElo "1680"]
[BlackElo "1780"]
[PlyCount "41"]
[EventDate "1990.??.??"]

{4/(2)} 1. c4 c6 2. Nc3 d5 3. d4 e6 4. Nf3 Nf6 5. Bg5 Be7 6. e3 Nbd7 7. Bd3
dxc4 8. Bxc4 b5 9. Bd3 O-O 10. O-O Bb7 11. Qc2 h6 12. Bh4 b4 13. Ne4 c5 14.
Nxf6+ Bxf6 15. Bxf6 Qxf6 16. Be4 Bxe4 17. Qxe4 cxd4 18. Qxd4 Qe7 19. Rac1 Nf6
20. Qc5 Qb7 21. Qc7 1/2-1/2

[Event "Detroit (MOR/6/9)"]
[Site "?"]
[Date "1990.??.??"]
[Round "?"]
[White "Shaler, S."]
[Black "Falkowski, Kenneth"]
[Result "1-0"]
[WhiteElo "1680"]
[BlackElo "1790"]
[PlyCount "96"]
[EventDate "1990.??.??"]

{6/(9)} 1. c4 Nf6 2. Nc3 e6 3. g3 c6 4. Bg2 Bb4 5. Qc2 d5 6. a3 Be7 7. d3 dxc4
8. dxc4 O-O 9. Nf3 b6 10. Bf4 Bb7 11. Rd1 Qe8 12. Ne5 Nh5 13. Be4 f5 14. Bf3
Nxf4 15. gxf4 Bf6 16. Rd6 Bxe5 17. fxe5 Qf7 18. Qd2 Na6 19. Rd7 Qg6 20. b4 Rab8
21. Kf1 Qe8 22. Rg1 g6 23. Bh5 Rd8 24. Bxg6 hxg6 25. Rxd8 Qxd8 26. Rxg6+ Kf7
27. Qh6 Qe7 28. Rg7+ Ke8 29. Rxe7+ Kxe7 30. Qg7+ Rf7 31. Qg5+ Kf8 32. Qd8+ Kg7
33. Qg5+ Kf8 34. Qh6+ Ke7 35. Qd2 Nc7 36. Qg5+ Kf8 37. Qd8+ Kg7 38. Qg5+ Kf8
39. h4 c5 40. b5 Ne8 41. h5 Rg7 42. Qh6 Kg8 43. Qxe6+ Kf8 44. Qxf5+ Kg8 45. f3
Nc7 46. h6 Rh7 47. Qg5+ Kf7 48. Qf6+ Kg8 1-0

[Event "Lansing (Apr)"]
[Site "?"]
[Date "1990.??.??"]
[Round "?"]
[White "Settle, R."]
[Black "Decker, Dale"]
[Result "0-1"]
[WhiteElo "1815"]
[BlackElo "1870"]
[PlyCount "64"]
[EventDate "1990.??.??"]

1. e4 d5 2. exd5 Qxd5 3. Nc3 Qa5 4. d4 Nf6 5. Bd3 Bf5 6. Bxf5 Qxf5 7. Qf3 Qxf3
8. Nxf3 c6 9. h3 e6 10. Bf4 Nbd7 11. O-O Be7 12. Ng5 Nd5 13. Nxd5 cxd5 14. Rac1
O-O 15. c4 dxc4 16. Rxc4 Nb6 17. Rc7 Bf6 18. Rxb7 Bxd4 19. Bd6 Rfd8 20. Nxf7
Rd7 21. Rxd7 Nxd7 22. Ng5 Bxb2 23. Rb1 Bf6 24. Nxe6 Re8 25. Nf4 Nb6 26. Bc5 Nc8
27. Kf1 h6 28. Rb7 a5 29. Nd5 Be5 30. f4 Bd6 31. Bxd6 Nxd6 32. Nc3 Nxb7 0-1